01724cam a2200313 a 45000010009000000050017000090080041000260100015000670200038000820400028001200430012001480820023001601000029001832450101002122600091003133000050004045000024004545040031004785050441005096500063009506500056010136500073010696530025011426550024011677000035011919420023012269990017012499520144012661614458720150211130335.0100319t2011 xxkao frb f001 0 eng d a2010011240 a9780195172959 (hbk. : alk. paper) aDLCcDLCdDLCdEG-ScBUE an-us---00a346.73073222bDUR1 aDurkin, Thomas A.93737110aTruth in lending :btheory, history, and a way forward /cThomas A. Durkin, Gregory Elliehausen. aOxford, United Kingdom ;aNew York, United States :bOxford University Press,cc.2011. axvii, 364 p. :bphotographs, tables ;c25 cm. aIndex : p. 361-364. aBibliography : p. 345-359.0 aThe evolution of TILA : the truth can be hard to handle-Disclosures in the regulatory scheme-Why disclosures ? -What is truth in lending ? Key conceptual problems facing the Truth in Lending Act-The outlay and unknown future events issues : closed end credit-The outlay and unknown future events issues : open end credit-The rubber meets the road : evaluating the effectiveness of the Truth in Lending Act-Suggestions for a way forward. 0aConsumer creditxLaw and legislationzUnited States937372 0aInterestxLaw and legislationzUnited States937373 0aDisclosure of informationxLaw and legislationzUnited States937374 bBUSECOcFebruary2015 vreading book9342321 aElliehausen, Gregory E.937375 2ddck346.73073 DUR c18960d18932 00102ddc40708BaccahaMAINbMAINc1STd2015-02-11epurchaseg501.00h21291l0o346.73073 DURp000037389r2025-07-15 00:00:00v626.00yBB